00314nam a2200133Ia 4500003000400000005001700004008004100021020001900062040002700081100002200108245002500130260001600155260000900171OSt20240224120009.0170524s9999 xx 000 0 und d a978-0078022128 cIIMT UNIVERSITY MEERUT aPressman- Roger S 0aSoftware Engineering bMcGraw Hill c2005